000
00333nam a2200145Ia 4500
008
230718s9999 xx 000 0 und d
041
_a
Eng.
082
_a
340
_b
SAT-P
100
_a
Sated, Malik. M (ed
245
0
_a
P. L. D (2002)
260
_a
Pakistan
_b
All Precision legal
_c
2002
300
_a
32
650
_a
Law
999
_c
27124
_d
27124